Financovanie podniku, jeho majetková a finančná štruktúra bakalárska práca

Na minha lista:
Detalhes bibliográficos
Autor principal: Grossová, Viktória
Autor Corporativo: Fakulta podnikového manažmentu EU. Katedra podnikových financií
Outros Autores: Kmeťko, Miroslav, 1969-
Formato: Livro
Idioma:eslovaco
Publicado em: Bratislava 2025
Tags: Adicionar Tag
Sem tags, seja o primeiro a adicionar uma tag!

MARC

LEADER 00000nbm a2200000 4500
001 0309828
005 20260325122318.4
041 0 |a slo 
044 |a SK 
245 1 0 |a Financovanie podniku, jeho majetková a finančná štruktúra  |b bakalárska práca  |c Viktória Grossová ; školiteľ: Miroslav Kmeťko 
264 1 |a Bratislava  |c 2025 
300 |a 45 s. 
100 1 |a Grossová, Viktória 
700 1 |a Kmeťko, Miroslav, 1969- 
710 2 |a Fakulta podnikového manažmentu EU. Katedra podnikových financií